<?xml version="1.0" encoding="UTF-8"?>
<record
    xmlns:xsi="http://www.w3.org/2001/XMLSchema-instance"
    xsi:schemaLocation="http://www.loc.gov/MARC21/slim http://www.loc.gov/standards/marcxml/schema/MARC21slim.xsd"
    xmlns="http://www.loc.gov/MARC21/slim">

  <leader>01506nam a2200361   4500</leader>
  <controlfield tag="001">30</controlfield>
  <controlfield tag="003">OSt</controlfield>
  <controlfield tag="005">20250124164244.0</controlfield>
  <controlfield tag="008">250121b        |||||||g |||| 00| j eng d</controlfield>
  <datafield tag="020" ind1=" " ind2=" ">
    <subfield code="a">8501040819</subfield>
  </datafield>
  <datafield tag="040" ind1=" " ind2=" ">
    <subfield code="b">por</subfield>
  </datafield>
  <datafield tag="041" ind1=" " ind2=" ">
    <subfield code="h">eng</subfield>
    <subfield code="a">por</subfield>
  </datafield>
  <datafield tag="082" ind1=" " ind2=" ">
    <subfield code="a">813</subfield>
    <subfield code="b">A832v</subfield>
  </datafield>
  <datafield tag="100" ind1="1" ind2=" ">
    <subfield code="a">Asimov, Isaac,</subfield>
    <subfield code="d">1920-1992.</subfield>
    <subfield code="9">75</subfield>
  </datafield>
  <datafield tag="240" ind1=" " ind2=" ">
    <subfield code="a">Robot Visions</subfield>
  </datafield>
  <datafield tag="245" ind1=" " ind2=" ">
    <subfield code="a">Vis&#xF5;es de rob&#xF4; /</subfield>
    <subfield code="c">Asimov, Isaac ; Tradu&#xE7;&#xE3;o de Ronaldo Sergio de Biasi e Ilustra&#xE7;&#xE3;o de Ralph McQuarrie</subfield>
  </datafield>
  <datafield tag="250" ind1=" " ind2=" ">
    <subfield code="a">2&#xB0; edi&#xE7;&#xE3;o</subfield>
  </datafield>
  <datafield tag="260" ind1=" " ind2=" ">
    <subfield code="a">Rio de Janeiro</subfield>
    <subfield code="b">Record</subfield>
    <subfield code="c">2002</subfield>
  </datafield>
  <datafield tag="300" ind1=" " ind2=" ">
    <subfield code="a">462 p.</subfield>
    <subfield code="b">il. </subfield>
  </datafield>
  <datafield tag="520" ind1=" " ind2=" ">
    <subfield code="a">Amplamente ilustrado apresenta 34 dos melhores contos e artigos dobre rob&#xF4;s de Isaac Asimov - o Grande Mestre da Fic&#xE7;&#xE3;o Cient&#xED;fica. Desde Robbie a primeira hist&#xF3;ria escrita aos dezenove anos &#xC0;s hist&#xF3;rias de &#xB4;Susan Calvin&#xB4; a primeira robopsic&#xF3;loga de Stephen Byerley o rob&#xF4; human&#xF3;ide da dupla de detetives o human&#xF3;ide Lije Baley e o rob&#xF4; R.Daneel Olivaw est&#xE3;o neste livro nos momentos mais importantes das rela&#xE7;&#xF5;es entre homens e rob&#xF4;s na hist&#xF3;ria da Fic&#xE7;&#xE3;o Cient&#xED;fica.</subfield>
  </datafield>
  <datafield tag="650" ind1=" " ind2="0">
    <subfield code="a">Literatura Americana</subfield>
    <subfield code="9">84</subfield>
  </datafield>
  <datafield tag="650" ind1=" " ind2="0">
    <subfield code="a">Historias curtas </subfield>
    <subfield code="9">67</subfield>
  </datafield>
  <datafield tag="650" ind1=" " ind2="0">
    <subfield code="a">Fic&#xE7;&#xE3;o Cient&#xED;fica </subfield>
    <subfield code="9">63</subfield>
  </datafield>
  <datafield tag="650" ind1=" " ind2="0">
    <subfield code="a">Seres de outro planeta</subfield>
    <subfield code="9">222</subfield>
  </datafield>
  <datafield tag="650" ind1=" " ind2="0">
    <subfield code="a">Distopias</subfield>
    <subfield code="9">76</subfield>
  </datafield>
  <datafield tag="650" ind1=" " ind2="0">
    <subfield code="a">Cl&#xE1;ssicos</subfield>
    <subfield code="9">77</subfield>
  </datafield>
  <datafield tag="650" ind1=" " ind2="0">
    <subfield code="a">Filme</subfield>
    <subfield code="9">26</subfield>
  </datafield>
  <datafield tag="655" ind1=" " ind2="0">
    <subfield code="a">Conto</subfield>
    <subfield code="9">68</subfield>
  </datafield>
  <datafield tag="655" ind1=" " ind2="0">
    <subfield code="a">Artigo</subfield>
    <subfield code="9">80</subfield>
  </datafield>
  <datafield tag="700" ind1=" " ind2=" ">
    <subfield code="a">Ronaldo Sergio de Biasi</subfield>
    <subfield code="e">Tradutor</subfield>
    <subfield code="9">81</subfield>
  </datafield>
  <datafield tag="700" ind1=" " ind2=" ">
    <subfield code="a">Ralph McQuarrie</subfield>
    <subfield code="e">Ilustrador</subfield>
    <subfield code="9">82</subfield>
  </datafield>
  <datafield tag="942" ind1=" " ind2=" ">
    <subfield code="2">ddc</subfield>
    <subfield code="n">0</subfield>
    <subfield code="c">BK</subfield>
  </datafield>
  <datafield tag="952" ind1=" " ind2=" ">
    <subfield code="0">0</subfield>
    <subfield code="1">0</subfield>
    <subfield code="2">ddc</subfield>
    <subfield code="4">0</subfield>
    <subfield code="7">0</subfield>
    <subfield code="8">FIC</subfield>
    <subfield code="a">BIBIB</subfield>
    <subfield code="b">BIBIB</subfield>
    <subfield code="c">LE</subfield>
    <subfield code="d">2002-08-27</subfield>
    <subfield code="e">doa&#xE7;&#xE3;o</subfield>
    <subfield code="l">0</subfield>
    <subfield code="o">813 / A832v</subfield>
    <subfield code="p">2025-0463</subfield>
    <subfield code="r">2025-01-20 08:34:18</subfield>
    <subfield code="w">2025-01-20</subfield>
    <subfield code="y">BK</subfield>
  </datafield>
  <datafield tag="999" ind1=" " ind2=" ">
    <subfield code="c">30</subfield>
    <subfield code="d">30</subfield>
  </datafield>
</record>
